|
|
|
|
| LEADER |
00623nam a22001817a 4500 |
| 020 |
|
|
|a 81-203-0562-0
|
| 082 |
|
|
|a 004
|b HUN/C
|
| 100 |
|
|
|a Roger Hunt
|9 179254
|
| 100 |
|
|
|a John Shelley
|9 179255
|
| 245 |
|
|
|a Computer and Commonsense
|
| 260 |
|
|
|a New Delhi
|b Prentice-Hall of India Pvt. Ltd.
|c 1993
|
| 300 |
|
|
|a xiv+208p.
|
| 650 |
|
|
|a Electronic data processing
|9 179256
|
| 650 |
|
|
|a Computers
|9 179257
|
| 650 |
|
|
|a Electronic digital computers
|9 179258
|
| 942 |
|
|
|c GB
|
| 999 |
|
|
|c 192010
|d 192006
|
| 952 |
|
|
|0 0
|1 0
|4 0
|6 004_000000000000000_HUN_C
|7 0
|8 G
|9 192834
|a SMBS
|b SMBS
|c GEN
|d 2018-01-11
|l 0
|o 004 HUN/C
|p SMBSG48
|r 2018-01-11
|w 2018-01-11
|y BK
|